Coccole e carezze
I tiakina i:
| Kaituhi matua: | |
|---|---|
| Hōputu: | Pukapuka |
| Reo: | Undetermined |
| I whakaputaina: |
Scritto (PG)
Nuovi Mondi
2000
|
| Ngā Tūtohu: |
Kāore He Tūtohu, Me noho koe te mea tuatahi ki te tūtohu i tēnei pūkete!
|
MARC
| LEADER | 00000nam a2200000Ia 4500 | ||
|---|---|---|---|
| 001 | 199 | ||
| 003 | NUMERAZIONE-ORIGINALE-BRESCIA | ||
| 005 | 20260206230749.0 | ||
| 008 | 260206s9999 xx 000 0 und d | ||
| 100 | |a Leonelli Leslie Elisabetta | ||
| 245 | 0 | |a Coccole e carezze | |
| 260 | |a Scritto (PG) | ||
| 260 | |b Nuovi Mondi | ||
| 260 | |c 2000 | ||
| 500 | |a Alle radici della virilità | ||
| 942 | |2 ddc |c BK |n 0 | ||
| 952 | |0 0 |1 0 |2 ddc |4 0 |6 15 |7 0 |9 28399 |a BS |b BS |d 2026-02-06 |i 199 |l 0 |o 1-5-* |r 2026-02-06 22:40:34 |w 2026-02-06 |x [REVISIONARE] |y BK | ||
| 999 | |c 24080 |d 24080 | ||